书目信息 |
| 题名: |
写作
|
|
| 作者: | ;上海师范大学 , 上海师范学院 编 | |
| 分册: | 中册 | |
| 出版信息: | 上海 上海师范大学 |
|
| 页数: | 215-553页 | |
| 开本: | 20cm | |
| 丛书名: | ||
| 单 册: | ||
| 中图分类: | H052 | |
| 科图分类: | ||
| 主题词: | 写作学 , 修辞学 | |
| 电子资源: | ||
| ISBN: | ||
| 000 | 00650nam0 2200217 450 | |
| 001 | 0559131517 | |
| 005 | 20061030163318.79 | |
| 010 | @dCNY0.64 | |
| 100 | @a20051103d km y0chiy0120 ea | |
| 101 | 0 | @achi |
| 102 | @aCN@b310000 | |
| 200 | 1 | @a写作@Axie zuo@h中册@f上海师范大学,上海师范学院编@Fshang hai shi fan da xue,shang hai shi fan xue yuan bian |
| 210 | @a上海@c上海师范大学 | |
| 215 | 1 | @a215-553页@d20cm |
| 606 | 0 | @a写作学 |
| 606 | 0 | @a修辞学 |
| 690 | @aH052@v4 | |
| 711 | 0 | @a上海师范大学@Ashang hai shi fan da xue@4编 |
| 711 | 0 | @a上海师范学院@Ashang hai shi fan xue yuan@4编 |
| 801 | 0 | @aCN@bPFT@c20061030 |
| 905 | @a10447@dH052@e5:2 | |
| 写作.中册/上海师范大学,上海师范学院编.-上海:上海师范大学 |
| 215-553页;20cm |
| ISBN :CNY0.64 |
| ● |
| 相关链接 |
|
|
|
|
正题名:写作
索取号:H052/5:2
 
预约/预借
| 序号 | 登录号 | 条形码 | 馆藏地/架位号 | 状态 | 备注 |
| 1 | 0016219 | 000821258 | 第二样本阅览室/ [索取号:H052/5:2] | 在馆 |